| 000 | 00372 a2200109 4500 | ||
|---|---|---|---|
| 001 | ART_8891 | ||
| 005 | 20260410161845.0 | ||
| 008 | 260409a | ||
| 245 | 1 | 0 | _aLa influencia del sector informal urbano sobre la desigualdad económica |
| 100 | 1 | _aTokman, Víctor E. | |
| 773 | 0 |
_tEl trimestre económico _g- Vol. XLVIII, Nº 192 (oct./dic. 1981) _wREV6933 |
|
| 999 |
_c24454 _d24454 |
||